[Event "Centrocoop op"]
[Site "Eforie Nord"]
[Date "2000.??.??"]
[Round "?"]
[White "Grunberg, Florin"]
[Black "Irodenka, Robert"]
[Result "1-0"]
[WhiteElo "2295"]
[BlackElo "2090"]
[PlyCount "45"]
[EventDate "2000.??.??"]
[EventType "swiss"]
[EventRounds "9"]
[EventCountry "ROU"]
[SourceTitle "EXT 2004"]
[Source "ChessBase"]
[SourceDate "2003.11.25"]
[SourceVersion "1"]
[SourceVersionDate "2003.11.25"]
[SourceQuality "1"]

1. Nf3 c5 2. c4 b6 3. g3 Bb7 4. Bg2 Nf6 5. 0-0 Nc6 6. b3 e6 7. Bb2 Be7 8. d4 Nxd4 9. Nxd4 Bxg2 10. Kxg2 cxd4 11. Qxd4 Qc7 12. Nc3 Qc6+ 13. e4 h5 14. f3 Bb4 15. Rac1 Rh6 16. a3 Bc5 17. Qd3 Rg6 18. Na4 0-0-0 19. b4 Bd6 20. Rfe1 h4 21. g4 Nh5 22. Kf2 Nf6 23. Qf1 1-0

[Event "Revelionul Mileniului rapid"]
[Site "Revelionul"]
[Date "2000.??.??"]
[Round "?"]
[White "Irodenka, Robert"]
[Black "Anghel, Dumitru"]
[Result "1-0"]
[WhiteElo "2090"]
[BlackElo "1650"]
[PlyCount "77"]
[EventDate "2000.??.??"]
[EventType "swiss"]
[EventRounds "7"]
[EventCountry "ROU"]
[SourceTitle "EXT 2004"]
[Source "ChessBase"]
[SourceDate "2003.11.25"]
[SourceVersion "1"]
[SourceVersionDate "2003.11.25"]
[SourceQuality "1"]

1. c4 c5 2. Nc3 g6 3. g3 Bg7 4. Bg2 e6 5. e4 Nc6 6. Nge2 d6 7. d3 a6 8. Be3 b6 9. 0-0 Bb7 10. f4 Nge7 11. Qd2 0-0 12. d4 Qc7 13. Rac1 Rad8 14. b3 f5 15. d5 exd5 16. cxd5 Na7 17. Rfe1 fxe4 18. Bxe4 Bc8 19. Bg2 Bd7 20. h3 Nf5 21. Bf2 Rde8 22. g4 Nh6 23. a4 Re7 24. Bh4 Ref7 25. Ne4 Re8 26. Ng5 Rfe7 27. Ne6 Bxe6 28. dxe6 Rxe6 29. Bd5 Kf8 30. Bxe6 Rxe6 31. f5 gxf5 32. Nf4 Rxe1+ 33. Rxe1 Qd7 34. Ne6+ Kg8 35. Nxg7 Nf7 36. Bf6 h6 37. Qd5 Nc6 38. Nxf5 Kh7 39. Ne7 1-0

[Event "Centrocoop op"]
[Site "Eforie Nord"]
[Date "2000.??.??"]
[Round "?"]
[White "Irodenka, Robert"]
[Black "Gavris, Eugen"]
[Result "0-1"]
[WhiteElo "2090"]
[BlackElo "1720"]
[PlyCount "74"]
[EventDate "2000.??.??"]
[EventType "swiss"]
[EventRounds "9"]
[EventCountry "ROU"]
[SourceTitle "EXT 2004"]
[Source "ChessBase"]
[SourceDate "2003.11.25"]
[SourceVersion "1"]
[SourceVersionDate "2003.11.25"]
[SourceQuality "1"]

1. c4 Nf6 2. Nc3 g6 3. e4 d6 4. g3 Bg7 5. Bg2 0-0 6. h3 e5 7. Nge2 Nc6 8. d3 Nd7 9. 0-0 Nc5 10. Be3 f5 11. f4 exf4 12. gxf4 fxe4 13. dxe4 Be6 14. b3 Qh4 15. Rf3 Rf7 16. Rc1 Raf8 17. Qd2 Bh6 18. Rcf1 Kh8 19. Bf2 Qe7 20. Be3 a5 21. Ng3 a4 22. Nd5 Qh4 23. b4 Nd7 24. b5 Ne7 25. Nxc7 Bxc4 26. Qc3+ Ne5 27. R1f2 Bg7 28. fxe5 Rxf3 29. Nf5 Qxf2+ 30. Bxf2 Rxc3 31. exd6 Rc1+ 32. Kh2 Nxf5 33. exf5 Be5+ 34. Bg3 Bxg3+ 35. Kxg3 Rd1 36. Bxb7 Rxd6 37. Bc6 Rxc6 0-1

[Event "Revelionul Mileniului rapid"]
[Site "Revelionul"]
[Date "2000.??.??"]
[Round "?"]
[White "Irodenka, Robert"]
[Black "Grigore, George Gabriel"]
[Result "1/2-1/2"]
[WhiteElo "2090"]
[BlackElo "2505"]
[PlyCount "118"]
[EventDate "2000.??.??"]
[EventType "swiss"]
[EventRounds "7"]
[EventCountry "ROU"]
[SourceTitle "EXT 2004"]
[Source "ChessBase"]
[SourceDate "2003.11.25"]
[SourceVersion "1"]
[SourceVersionDate "2003.11.25"]
[SourceQuality "1"]

1. c4 g6 2. Nc3 Bg7 3. g3 e5 4. Bg2 d6 5. d3 Nc6 6. e4 h5 7. h3 h4 8. g4 Bh6 9. Nge2 Bxc1 10. Qxc1 Nb4 11. Qd2 c5 12. f4 exf4 13. a3 Nc6 14. Qxf4 Qf6 15. Nb5 Qxf4 16. Nxf4 Kd7 17. Nd5 Ne5 18. 0-0 b6 19. Rad1 Bb7 20. d4 Bxd5 21. dxe5 Bxc4 22. Nxd6 Bxf1 23. Nxf7+ Ke6 24. Rxf1 Rh6 25. Nxh6 Nxh6 26. Rf6+ Kxe5 27. Rxg6 Nf7 28. Kf2 Rd8 29. Ke3 Rd1 30. Rg8 Re1+ 31. Kf3 Kf6 32. Kf4 Ne5 33. g5+ Kf7 34. Rd8 Ng6+ 35. Kf5 Re2 36. Bf3 Rf2 37. Rd3 c4 38. Rc3 b5 39. e5 Ne7+ 40. Ke4 Rxb2 41. Bh5+ Kg7 42. Rf3 Re2+ 43. Re3 Rg2 44. Be8 Rxg5 45. Bxb5 Ng6 46. Kd4 c3 47. Bd3 Rg3 48. e6 Rxe3 49. Kxe3 Ne5 50. e7 Kf7 51. Kd4 Nxd3 52. e8Q+ Kxe8 53. Kxd3 Ke7 54. Kxc3 Ke6 55. Kd3 Kf5 56. Ke3 Ke5 57. Kd3 Kf5 58. Ke3 Ke5 59. a4 a5 1/2-1/2

[Event "Revelionul Mileniului rapid"]
[Site "Revelionul"]
[Date "2000.??.??"]
[Round "?"]
[White "Strimbu, Mihai"]
[Black "Irodenka, Robert"]
[Result "1-0"]
[WhiteElo "1730"]
[BlackElo "2090"]
[PlyCount "83"]
[EventDate "2000.??.??"]
[EventType "swiss"]
[EventRounds "7"]
[EventCountry "ROU"]
[SourceTitle "EXT 2004"]
[Source "ChessBase"]
[SourceDate "2003.11.25"]
[SourceVersion "1"]
[SourceVersionDate "2003.11.25"]
[SourceQuality "1"]

1. d4 Nf6 2. c4 g6 3. Nf3 Bg7 4. Nc3 d6 5. e4 0-0 6. Be2 Nc6 7. d5 Nb8 8. 0-0 c5 9. Bg5 h6 10. Bh4 Bg4 11. Ne1 Bxe2 12. Qxe2 Nbd7 13. f4 Nh5 14. Rc1 Bd4+ 15. Kh1 a6 16. a4 Qe8 17. Nd3 Bf6 18. Be1 Qb8 19. Bd2 Kh7 20. Qg4 Bxc3 21. Bxc3 Ndf6 22. Qe2 b5 23. b3 bxa4 24. bxa4 Qb3 25. Nb2 Rab8 26. e5 Ng8 27. f5 Ng7 28. g4 Qa3 29. e6 g5 30. Qd3 f6 31. Ra1 Qb3 32. a5 h5 33. Na4 Qb7 34. h3 Nh6 35. Nb6 Rbd8 36. Rab1 Qc7 37. Qf3 Rh8 38. Kg2 Rb8 39. Nd7 Rxb1 40. Rxb1 Rd8 41. Rb6 Ne8 42. Rxa6 1-0

[Event "Centrocoop Sept op"]
[Site "Eforie Nord"]
[Date "1999.09.??"]
[Round "?"]
[White "Melnikov, Vladimir"]
[Black "Irodenka, Robert"]
[Result "1/2-1/2"]
[WhiteElo "2195"]
[BlackElo "2084"]
[PlyCount "129"]
[EventDate "1999.09.??"]
[EventType "swiss"]
[EventRounds "11"]
[EventCountry "ROU"]
[SourceTitle "EXT 2004"]
[Source "ChessBase"]
[SourceDate "2003.11.25"]
[SourceVersion "1"]
[SourceVersionDate "2003.11.25"]
[SourceQuality "1"]

1. e4 c5 2. Nf3 a6 3. c3 d5 4. exd5 Qxd5 5. d4 Bg4 6. Be2 cxd4 7. cxd4 e6 8. Nc3 Qd6 9. 0-0 Nf6 10. Bg5 Be7 11. Qa4+ Kf8 12. d5 Nbd7 13. dxe6 Bxe6 14. Nd4 Rc8 15. Nxe6+ Qxe6 16. Bf3 b5 17. Qa5 Bd8 18. Qb4+ Be7 19. Qd4 Bc5 20. Qf4 Re8 21. Rad1 h6 22. Bxf6 Nxf6 23. Nd5 Bd6 24. Qc1 Rc8 25. Qd2 Qe5 26. g3 Nxd5 27. Bxd5 Rd8 28. Rfe1 Qf6 29. Re3 Bc5 30. Bc6 Rb8 31. Re4 g5 32. Bd5 Kg7 33. Qe2 Rhd8 34. b4 Bb6 35. Bb3 Rxd1+ 36. Bxd1 Rd8 37. Bb3 Rd7 38. Kg2 Bd8 39. Re3 Qd6 40. Qb2+ Bf6 41. Qc2 Qxb4 42. Qc8 Qd6 43. Re8 Rd8 44. Rxd8 Bxd8 45. Qf5 Qf6 46. Qxf6+ Bxf6 47. f3 Bd4 48. Kf1 f5 49. h3 Kf6 50. Ke2 Ke5 51. g4 Bc5 52. Kd3 Kf4 53. Be6 Kg3 54. Bxf5 Kxf3 55. Bg6 Kg3 56. Ke4 Kxh3 57. Kf3 Kh2 58. Be4 Kg1 59. Bd3 Kh2 60. Be4 Kh3 61. Bg6 b4 62. Bh5 a5 63. Ke4 Kg3 64. Kd5 Bf8 65. Kc4 1/2-1/2

[Event "Centrocoop Sept op"]
[Site "Eforie Nord"]
[Date "1999.09.??"]
[Round "?"]
[White "Stanciu, Anton"]
[Black "Irodenka, Robert"]
[Result "1/2-1/2"]
[WhiteElo "2220"]
[BlackElo "2084"]
[PlyCount "125"]
[EventDate "1999.09.??"]
[EventType "swiss"]
[EventRounds "11"]
[EventCountry "ROU"]
[SourceTitle "EXT 2004"]
[Source "ChessBase"]
[SourceDate "2003.11.25"]
[SourceVersion "1"]
[SourceVersionDate "2003.11.25"]
[SourceQuality "1"]

1. e4 c5 2. Nf3 h6 3. c3 d5 4. e5 Bf5 5. d4 e6 6. Be3 Nd7 7. Nbd2 c4 8. Be2 g5 9. b3 b5 10. a4 b4 11. bxc4 bxc3 12. cxd5 cxd2+ 13. Nxd2 exd5 14. 0-0 Rc8 15. Qb3 Ne7 16. Rfc1 Rb8 17. Qa2 Bg7 18. a5 0-0 19. Bf3 Rb5 20. Be2 Rb4 21. Qa3 Qb8 22. h3 Rc8 23. Rxc8+ Nxc8 24. Rc1 Bf8 25. Qc3 Ne7 26. Bh5 Bg7 27. f4 gxf4 28. Bxf4 Be6 29. Bg4 Nf5 30. Bxf5 Bxf5 31. Qg3 Qf8 32. Bxh6 Bg6 33. Be3 Qd8 34. e6 Nf8 35. exf7+ Bxf7 36. Rc7 Ne6 37. Rxa7 Nxd4 38. Bxd4 Rxd4 39. Nf3 Re4 40. Rxf7 Kxf7 41. Ng5+ Kg8 42. Nxe4 dxe4 43. Qb3+ Kh8 44. Qb5 Qd4+ 45. Kf1 Qd1+ 46. Kf2 Bd4+ 47. Kg3 Qe1+ 48. Kg4 Qd1+ 49. Kf4 e3 50. Qe8+ Kg7 51. Qe7+ Kg6 52. Qe6+ Bf6 53. Qe4+ Kh6 54. Kxe3 Bg5+ 55. Kf2 Qd2+ 56. Kg3 Qxa5 57. Kg4 Qa6 58. h4 Bc1 59. Kh3 Qc8+ 60. g4 Qc3+ 61. Kg2 Qd2+ 62. Kg3 Qc3+ 63. Kh2 1/2-1/2

[Event "Cetate Cup op"]
[Site "Cetate"]
[Date "1999.??.??"]
[Round "?"]
[White "Irodenka, Robert"]
[Black "Dragomirescu, Angela"]
[Result "0-1"]
[WhiteElo "2084"]
[BlackElo "2140"]
[PlyCount "96"]
[EventDate "1999.??.??"]
[EventType "swiss"]
[EventRounds "9"]
[EventCountry "ROU"]
[SourceTitle "EXT 2004"]
[Source "ChessBase"]
[SourceDate "2003.11.25"]
[SourceVersion "1"]
[SourceVersionDate "2003.11.25"]
[SourceQuality "1"]

1. c4 c6 2. Nc3 d5 3. cxd5 cxd5 4. d4 Nc6 5. Nf3 Nf6 6. h3 a6 7. Bf4 Bf5 8. e3 e6 9. a3 Rc8 10. Rc1 Na5 11. Ne5 Be7 12. Be2 0-0 13. 0-0 b5 14. g4 Bg6 15. h4 Ne4 16. h5 Nxc3 17. Rxc3 Rxc3 18. bxc3 Be4 19. f3 f6 20. a4 fxe5 21. dxe5 d4 22. fxe4 dxc3 23. axb5 axb5 24. Bxb5 Qxd1 25. Rxd1 Rb8 26. Bd3 Rd8 27. Bg3 Nc4 28. Bc2 Rxd1+ 29. Bxd1 Nxe3 30. Bb3 c2 31. Bxc2 Nxc2 32. Bf4 Nd4 33. Kg2 Nc6 34. g5 Kf7 35. Kf3 Bd8 36. Bd2 Bc7 37. Bc3 Bxe5 38. Bd2 g6 39. Kg4 Ke7 40. Bc1 Kd7 41. Ba3 Bd6 42. Bb2 Ne5+ 43. Kh3 Kc6 44. hxg6 hxg6 45. Ba1 Kb5 46. Kg3 Kc4 47. Kf4 Nf7+ 48. Ke3 Be5 0-1

[Event "Deva tt"]
[Site "Deva"]
[Date "1999.??.??"]
[Round "1"]
[White "Irodenka, Robert"]
[Black "Maiorescu, Gabriel"]
[Result "1-0"]
[WhiteElo "2085"]
[BlackElo "1650"]
[PlyCount "72"]
[EventDate "1999.07.??"]
[EventType "team"]
[EventRounds "9"]
[EventCountry "ROU"]
[SourceTitle "EXT 2004"]
[Source "ChessBase"]
[SourceDate "2003.11.25"]
[SourceVersion "1"]
[SourceVersionDate "2003.11.25"]
[SourceQuality "1"]

1. e4 d6 2. g3 Nf6 3. Bg2 g6 4. c4 e5 5. Ne2 Bg7 6. Nbc3 c6 7. d3 Nbd7 8. h3 Nc5 9. Be3 Ne6 10. Qd2 h5 11. 0-0 h4 12. g4 Nh7 13. f4 exf4 14. Nxf4 0-0 15. Rf2 Nhg5 16. Nxe6 Nxe6 17. d4 f6 18. Raf1 Qe7 19. Ne2 Ng5 20. Nf4 Kh7 21. Qd3 Qe8 22. Bd2 a5 23. Bc3 Bd7 24. d5 c5 25. Re2 b5 26. b3 b4 27. Be1 Nf7 28. Nxg6 Kxg6 29. e5+ Kh6 30. exf6 Qd8 31. Bd2+ Ng5 32. Bxg5+ Kxg5 33. Qe3+ Kg6 34. Be4+ Kf7 35. Qg5 Bxf6 36. Qg6+ Ke7 1-0

[Event "Deva tt"]
[Site "Deva"]
[Date "1999.??.??"]
[Round "?"]
[White "Manea, Alexandru"]
[Black "Irodenka, Robert"]
[Result "0-1"]
[WhiteElo "2262"]
[BlackElo "2084"]
[PlyCount "104"]
[EventDate "1999.07.??"]
[EventType "team"]
[EventRounds "9"]
[EventCountry "ROU"]
[SourceTitle "EXT 2004"]
[Source "ChessBase"]
[SourceDate "2003.11.25"]
[SourceVersion "1"]
[SourceVersionDate "2003.11.25"]
[SourceQuality "1"]

1. e4 c5 2. Nf3 d6 3. d4 cxd4 4. Nxd4 Nf6 5. Nc3 a6 6. h3 e5 7. Nb3 b5 8. g4 h6 9. Be3 Be6 10. Bg2 Nbd7 11. Qd2 Rc8 12. Nd5 Bxd5 13. exd5 Qc7 14. 0-0 g5 15. c3 Be7 16. Nc1 Nf8 17. Ne2 Ng6 18. Ng3 Nh4 19. a4 Rb8 20. axb5 axb5 21. Ra7 Rb7 22. Rfa1 Bd8 23. Qd3 0-0 24. Nf5 Nxf5 25. Qxf5 Re8 26. h4 Rxa7 27. Rxa7 Qc4 28. Bxg5 Qxg4 29. Qxg4 Nxg4 30. Bxd8 Rxd8 31. Rb7 Kg7 32. Rxb5 f5 33. Bh3 h5 34. f3 Ne3 35. Kf2 f4 36. Be6 Ra8 37. Ke2 Ra1 38. b3 Ra2+ 39. Kd3 Ng2 40. Rb6 Ne1+ 41. Kc4 Nxf3 42. Rxd6 Nd2+ 43. Kb5 Ra7 44. Rd8 f3 45. Rg8+ Kh6 46. Bf5 Rf7 47. Rg6+ Kh7 48. Rg5+ Kh8 49. Bh3 e4 50. Re5 f2 51. d6 Kg7 52. Kc6 Nxb3 0-1

[Event "Deva tt"]
[Site "Deva"]
[Date "1998.??.??"]
[Round "5"]
[White "Urcan, Olimpiu"]
[Black "Irodenka, Robert"]
[Result "0-1"]
[WhiteElo "2160"]
[BlackElo "1715"]
[PlyCount "108"]
[EventDate "1998.07.??"]
[EventType "team"]
[EventRounds "9"]
[EventCountry "ROU"]
[SourceTitle "EXT 2004"]
[Source "ChessBase"]
[SourceDate "2003.11.25"]
[SourceVersion "1"]
[SourceVersionDate "2003.11.25"]
[SourceQuality "1"]

1. d4 Nf6 2. c4 g6 3. Nc3 Bg7 4. e4 d6 5. Be2 0-0 6. Nf3 Nc6 7. 0-0 e5 8. d5 Ne7 9. Ne1 Nd7 10. Be3 f5 11. f3 Nf6 12. a4 a5 13. c5 dxc5 14. Bxc5 b6 15. Be3 f4 16. Bf2 Ne8 17. Nb5 Ba6 18. Rc1 Bxb5 19. Bxb5 Nd6 20. Qb3 Rf7 21. Be2 g5 22. Nc2 Ng6 23. Na3 Bf8 24. Nb5 Nxb5 25. Qxb5 Bd6 26. Rc2 h5 27. Rfc1 Kh8 28. Be1 Qf8 29. Rc4 Qg7 30. b4 axb4 31. Bxb4 Bxb4 32. Qxb4 g4 33. Qe1 gxf3 34. Bxf3 Rg8 35. R1c2 Qf6 36. Bxh5 Nh4 37. R4c3 Nxg2 38. Rxg2 Rxg2+ 39. Kxg2 Qg5+ 40. Kf1 Qxh5 41. Qe2 f3 42. Qf2 Qh3+ 43. Ke1 Rf4 44. Re3 Qg4 45. Kf1 Qh3+ 46. Ke1 Qh5 47. Kf1 Qf7 48. Qg3 Qh5 49. Qf2 Kg8 50. Ke1 Kf8 51. Kd2 Ke7 52. Rc3 Kd8 53. a5 Qg5 54. Kd3 Qg6 0-1

[Event "Deva tt"]
[Site "Deva"]
[Date "1998.??.??"]
[Round "4"]
[White "Voiteanu, Christian Gabriel"]
[Black "Irodenka, Robert"]
[Result "0-1"]
[WhiteElo "2080"]
[BlackElo "1715"]
[PlyCount "72"]
[EventDate "1998.07.??"]
[EventType "team"]
[EventRounds "9"]
[EventCountry "ROU"]
[SourceTitle "EXT 2004"]
[Source "ChessBase"]
[SourceDate "2003.11.25"]
[SourceVersion "1"]
[SourceVersionDate "2003.11.25"]
[SourceQuality "1"]

1. d4 Nf6 2. c4 g6 3. Nc3 Bg7 4. e4 d6 5. Be2 0-0 6. Bg5 h6 7. Be3 Nc6 8. Qd2 e5 9. d5 Nd4 10. Bxd4 exd4 11. Qxd4 Re8 12. Qd3 Nd7 13. f3 Nc5 14. Qd2 f5 15. exf5 Bxf5 16. 0-0-0 g5 17. Re1 Nd3+ 18. Bxd3 Rxe1+ 19. Qxe1 Bxd3 20. b3 Qf6 21. Kb2 Kf8 22. Qd2 Bf1 23. h4 gxh4 24. Kc2 Re8 25. a3 Bxg2 26. Rh2 h3 27. Nge2 Qxf3 28. Qf4+ Qxf4 29. Nxf4 Re3 30. Nd1 Rg3 31. Ne6+ Kf7 32. Nxg7 Kxg7 33. Nf2 Bf1 34. Rh1 Bg2 35. Rh2 Kg6 36. Nd3 Be4 0-1